| 000 | 01262nas a2200325 4500 | ||
|---|---|---|---|
| 001 | BR2015005355 | ||
| 003 | BR-BrBNA | ||
| 005 | 20231205125733.0 | ||
| 007 | ta | ||
| 008 | 230509b bl.|||p| |||| 00| 00por d | ||
| 040 |
_aBR-BrBNA _bpor _cBiblioteca Nacional de Agricultura |
||
| 041 | _a(Pt) | ||
| 072 | _aF02; P01 | ||
| 100 | 1 | _aLima-Brito, A. | |
| 100 | 1 | _aVitória, A.P. | |
| 100 | 1 | _aAlvim, B.F.M. | |
| 100 | 1 | _aNepomuceno, C. | |
| 100 | 1 | _aResende, S.V. | |
| 100 | 1 | _aSantana, J.R.F. de | |
| 111 | 1 |
_a16° Congresso Brasileiro de Floricultura e Plantas Ornamentais; 3° Congresso Brasileiro de Cultura de Tecidos de Plantas; 1° Simpósio de Plantas Ornamentais Nativas _cGoiânia, GO (Brazil) _d10-15 Sep 2007 |
|
| 245 | 1 | _aIndução de organogênese em Syngonanthus mucugensis Giul. (Eriocaulaceae)- uma espécie ornamental ameaçada da Chapada Diamantina, Bahia | |
| 650 | _aPLANTA ORNAMENTAL | ||
| 650 | _aESPÉCIE NATIVA | ||
| 650 | _aESPÉCIE EM EXTINÇÃO | ||
| 650 | _aPROPAGAÇÃO VEGETATIVA | ||
| 773 | 0 |
_tRevista Brasileira de Horticultura Ornamental (Brazil) _xISSN 1809-6093 _g(Sep 2007), v. 13(Suplemento) p. 1099-1103 _wBR2015005355 |
|
| 856 | 4 | 0 | _u |
| 909 |
_a202311 _bLúcia _c55 _dLúcia Elande |
||
| 942 |
_2AGRIS _n0 _cANA |
||
| 999 |
_c245851 _d245851 |
||